Mapa Planisferio [material cartográfico] : físico político.
Guardado en:
| Formato: | Mapa |
|---|---|
| Publicado: |
Buenos Aires :
Dime, s/f
|
| Materias: | |
| Etiquetas: |
Agregar Etiqueta
Sin Etiquetas, Sea el primero en etiquetar este registro!
|
| LEADER | 00501nem a22001575a 4500 | ||
|---|---|---|---|
| 001 | CEM.cems017655 | ||
| 008 | 130507b19--##############a#####1#######d | ||
| 005 | 20230823115955.0 | ||
| 245 | 0 | 0 | |a Mapa Planisferio [material cartográfico] : |b físico político. |
| 260 | |a Buenos Aires : |b Dime, s/f | ||
| 300 | |a 1 mapa : col. | ||
| 082 | 0 | 4 | |a 912 |
| 653 | |a Planisferio-mapa | ||
| 653 | |a Planisferio-mapa físico político | ||
| 653 | |a Mapas | ||
| 859 | |a CEMS |b BIB. CEMS - Agricultura |h 912 |i Ar37-5 |p A0023.011 |t Ej.1 |v MAPA |3 MAPA | ||
